Poverty and employment in Kenya / (Record no. 819)

MARC details
000 -LEADER
fixed length control field 00837nam a22002532 4500
001 - CONTROL NUMBER
control field 0000009037
005 - DATE AND TIME OF LATEST TRANSACTION
control field 20151021151120.0
008 - FIXED-LENGTH DATA ELEMENTS--GENERAL INFORMATION
fixed length control field 080720s xx 000 0 eng d
020 ## - INTERNATIONAL STANDARD BOOK NUMBER
International Standard Book Number 9966949577 :
Terms of availability Donation
040 ## - CATALOGING SOURCE
Original cataloging agency KABU
Transcribing agency KABU
100 1# - MAIN ENTRY--PERSONAL NAME
Personal name Oiro, Mariam W.
-- 0000160789
245 10 - TITLE STATEMENT
Title Poverty and employment in Kenya /
Statement of responsibility, etc. Miriam W. Oiro, Germano Mwabu, Damiano K. Manda.
260 ## - PUBLICATION, DISTRIBUTION, ETC. (IMPRINT)
Place of publication, distribution, etc. Nairobi :
Name of publisher, distributor, etc. KIPPRA,
Date of publication, distribution, etc. 2004.
300 ## - PHYSICAL DESCRIPTION
Extent v, 22 p.
650 #0 - SUBJECT ADDED ENTRY--TOPICAL TERM
Topical term or geographic name as entry element Poor
Geographic subdivision Kenya.
-- 0000160790
650 #0 - SUBJECT ADDED ENTRY--TOPICAL TERM
Topical term or geographic name as entry element Poverty
Geographic subdivision Kenya.
-- 0000160791
650 #0 - SUBJECT ADDED ENTRY--TOPICAL TERM
Topical term or geographic name as entry element Employment
Geographic subdivision Kenya.
-- 0000160792
700 1# - ADDED ENTRY--PERSONAL NAME
Personal name Mwabu, Germano.
-- 0000150371
700 1# - ADDED ENTRY--PERSONAL NAME
Personal name Manda, Damiano K.
-- 0000160733
908 ## - PUT COMMAND PARAMETER (RLIN)
Put command parameter 080720
950 ## - LOCAL HOLDINGS (RLIN)
-- 1
Holdings
Withdrawn status Lost status Source of classification or shelving scheme Not for loan Home library Current library Date acquired Total Checkouts Full call number Barcode Date last seen Price effective from Koha item type
    Library of Congress Classification   Kabarak, Main Campus Kabarak, Main Campus 17/12/2015   HC865 .Z9P6O37 c. 2 012406 02/08/2024 17/12/2015 General Collection
    Library of Congress Classification   Kabarak, Main Campus Kabarak, Main Campus 17/12/2015   HC865 .Z9P6O37 c. 1 012407 17/12/2015 17/12/2015 Africana Collection
    Library of Congress Classification   Kabarak, Nakuru City Campus Kabarak, Nakuru City Campus 21/10/2015   HC865 .Z9P6O37 c. 1 15303 21/10/2015 21/10/2015 General Collection
    Library of Congress Classification   Kabarak, Nakuru City Campus Kabarak, Nakuru City Campus 21/10/2015   HC865 .Z9P6O37 c. 2 15302 21/10/2015 21/10/2015 General Collection
Designed with assistance from East African Informatics Ltd